000 00308nam a2200145Ia 4500
003 OSt
005 20240326115516.0
008 170523s9999 xx 000 0 und d
020 _a978-8178660509
040 _ciimtu meerut
100 _aCHARUNILAM
245 0 _aMARKETING
260 _bPHI
942 _2ddc
_c02
999 _c1931
_d1931